Guess the Asian Country - Statistics

General Stats
  • This quiz has been taken 93 times
    77 since last reset
  • The average score is 10 of 15
Answer Stats
Hint Answer % Correct
Most populated country in Asia China
97%
Only country in Asia to fight to be aligned with Germany during WWII Japan
85%
Largest island archipelago nation in Asia Indonesia
82%
Country with the highest point in Asia Nepal
78%
Country in Asia which is believed to be the birthplace of the Buddha Nepal
78%
Country where the Islamic Revolution took place Iran
75%
Country which is the smallest island nation in the Middle East Bahrain
70%
Least Democratic country in Asia North Korea
70%
Country in Asia which is home to the Kaaba Saudi Arabia
70%
Country in Asia which is fighting a Civil War against ISIS Syria
67%
Least densely populated country in Asia Mongolia
64%
Smallest country in Asia Maldives
60%
Country which is the largest island nation in the Middle East Cyprus
54%
Most democratic country in Asia Taiwan
49%
Second most Sunni Islam country in Asia by percentage Jordan
46%
No matching quizzes found
Score Distribution
Percent of People with Each Score
Percentile by Number Answered
Your Score History
You have not taken this quiz since the last reset